|
|
|
|
| LEADER |
01595nam a2200397 a 4500 |
| 001 |
EBC1606254 |
| 003 |
MiAaPQ |
| 005 |
20200520144314.0 |
| 006 |
m o d | |
| 007 |
cr cn||||||||| |
| 008 |
090805s2008 dcua sb 000 0 eng d |
| 035 |
|
|
|a (MiAaPQ)EBC1606254
|
| 035 |
|
|
|a (Au-PeEL)EBL1606254
|
| 035 |
|
|
|a (CaPaEBR)ebr10300254
|
| 035 |
|
|
|a (OCoLC)870244727
|
| 040 |
|
|
|a MiAaPQ
|c MiAaPQ
|d MiAaPQ
|
| 043 |
|
|
|a a-np---
|
| 050 |
|
4 |
|a HG187.N35
|b P45 2008
|
| 100 |
1 |
|
|a Peiris, Shanaka J.
|q (Shanaka Jayanath),
|d 1975-
|
| 245 |
1 |
0 |
|a Nepal
|h [electronic resource] :
|b selected issues /
|c prepared by Shanaka J. Peiris.
|
| 260 |
|
|
|a Washington, D.C. :
|b International Monetary Fund,
|c 2008.
|
| 300 |
|
|
|a 12 p. :
|b ill.
|
| 490 |
1 |
|
|a IMF country report ;
|v no. 08/182
|
| 500 |
|
|
|a "June 2008"--Cover.
|
| 500 |
|
|
|a "Prepared by a staff team of the International Monetary Fund as background documentation for the periodic consultation with the member country."
|
| 504 |
|
|
|a Includes bibliographical references.
|
| 533 |
|
|
|a Electronic reproduction. Ann Arbor, MI : ProQuest, 2015. Available via World Wide Web. Access may be limited to ProQuest affiliated libraries.
|
| 650 |
|
0 |
|a Finance
|z Nepal.
|
| 650 |
|
0 |
|a Banks and banking
|z Nepal.
|
| 651 |
|
0 |
|a Nepal
|x Economic policy.
|
| 651 |
|
0 |
|a Nepal
|x Economic conditions.
|
| 655 |
|
4 |
|a Electronic books.
|
| 710 |
2 |
|
|a International Monetary Fund.
|
| 710 |
2 |
|
|a ProQuest (Firm)
|
| 830 |
|
0 |
|a IMF country report ;
|v no. 08/182.
|
| 856 |
4 |
0 |
|u https://ebookcentral.proquest.com/lib/matrademy/detail.action?docID=1606254
|z Click to View
|